|
|
|
|
| LEADER |
00000nam0a2200000 4500 |
| 001 |
298143 |
| 005 |
20231102001057.0 |
| 020 |
|
|
|a RU
|b 84-62944
|
| 035 |
|
|
|a (RuTPU)RU\TPU\book\323285
|
| 090 |
|
|
|a 298143
|
| 100 |
|
|
|a 20150616d1984 k y0rusy5003 ca
|
| 101 |
0 |
|
|a rus
|
| 102 |
|
|
|a RU
|
| 105 |
|
|
|a a z 001zy
|
| 200 |
1 |
|
|a "Истинное" движение почвы в эпицентральной зоне
|f В. М. Грайзер
|g Академия наук СССР (АН СССР), Институт физики Земли им. О. Ю. Шмидта (ИФЗ)
|
| 210 |
|
|
|a Москва
|c Изд-во ИФЗ
|d 1984
|
| 215 |
|
|
|a 198 с.
|c ил.
|
| 320 |
|
|
|a Библиогр.: с. 185-196
|
| 606 |
1 |
|
|a Землетрясения
|x Параметры
|2 stltpush
|3 (RuTPU)RU\TPU\subj\11723
|9 38632
|
| 610 |
1 |
|
|a интенсивность
|
| 610 |
1 |
|
|a почвы
|
| 610 |
1 |
|
|a движение
|
| 610 |
1 |
|
|a сейсмологические наблюдения
|
| 610 |
1 |
|
|a эпицентр
|
| 610 |
1 |
|
|a смешение
|
| 610 |
1 |
|
|a сейсморазведочное оборудование
|
| 610 |
1 |
|
|a сейсморазведочная аппаратура
|
| 610 |
1 |
|
|a сейсмограммы
|
| 675 |
|
|
|a 550.348.436.098
|z rus
|v 4
|
| 700 |
|
1 |
|a Грайзер
|b В. М.
|
| 712 |
0 |
2 |
|a Академия наук СССР (АН СССР)
|b Институт физики Земли им. О. Ю. Шмидта (ИФЗ)
|c (Москва)
|c (1956-1991)
|2 stltpush
|3 (RuTPU)RU\TPU\col\209
|
| 801 |
|
0 |
|a RU
|b RuMRKP
|c 19950704
|g psbo
|
| 801 |
|
1 |
|a RU
|b 63413507
|c 20150616
|
| 801 |
|
2 |
|a RU
|b 63413507
|c 20170727
|g RCR
|
| 942 |
|
|
|c BK
|